| 000 | 00626cam a2200205 4500 | ||
|---|---|---|---|
| 001 | WB3540-36 | ||
| 008 | 000000n1999 000 0 eng u | ||
| 035 | _a(Sirsi) u100404 | ||
| 245 | _aPhased-in changes | ||
| 260 | _c1999 | ||
| 490 |
_aEstates Gazette _v(9040) 9 October 1999, 4(1) |
||
| 520 | _aGovernment has announced that next year's changes to business rates will be phased in to ease the burden on ratepayers. | ||
| 590 | _aWB | ||
| 650 | _aRATING REVALUATION 2000 | ||
| 650 | _aBUSINESS RATES | ||
| 650 | _aRATEABLE VALUES | ||
| 650 | _aNON DOMESTIC RATES | ||
| 690 | _aRATING AND VALUATION | ||
| 942 | _n0 | ||
| 999 |
_c60081 _d60081 |
||